[Event "VII Campeonato de España de Ve"]
[Site "Sabadell (Spain)"]
[Date "2009.12.18"]
[Round "7"]
[White "Garcia Molina, Pablo"]
[Black "Ritter Aguilar, Jordi"]
[Result "0-1"]
[WhiteElo "2022"]
[BlackElo "1963"]
[PlyCount "84"]
[EventDate "2009.12.12"]
[EventRounds "7"]
[EventCountry "ESP"]

1. e4 c6 2. d4 Na6 3. c3 Nc7 4. Bd3 d6 5. h3 g6 6. Nf3 Bg7 7. O-O Nf6 8. Be3
O-O 9. Nbd2 Nfe8 10. Qe2 b6 11. Rfd1 h6 12. Nf1 Bb7 13. Ng3 e6 14. e5 Qe7 15.
Qd2 Kh7 16. Nh5 Nd5 17. Nxg7 Nxe3 18. Nxe8 Nxd1 19. Nf6+ Kg7 20. Rxd1 dxe5 21.
dxe5 Rad8 22. Qe2 c5 23. Be4 Ba6 24. Qc2 Rxd1+ 25. Qxd1 Rd8 26. Qc2 Bb7 27.
Bxb7 Qxb7 28. h4 Qa6 29. b3 Qd3 30. Qb2 Qd1+ 31. Kh2 g5 32. hxg5 hxg5 33. Kg3
Kg6 34. Ne4 Kf5 35. Nd6+ Rxd6 36. exd6 Qxd6+ 37. Kh3 g4+ 38. Kh4 gxf3 39. Qc2+
Kf6 40. g3 Qe5 41. Qd2 Kg6 42. Qe3 f5 0-1

[Event "VII Campeonato de España de Ve"]
[Site "Sabadell (Spain)"]
[Date "2009.12.18"]
[Round "7"]
[White "Segura Vila, Juan"]
[Black "Campos Calvo-Sotelo, Juan"]
[Result "0-1"]
[WhiteElo "2070"]
[BlackElo "2052"]
[PlyCount "28"]
[EventDate "2009.12.12"]
[EventRounds "7"]
[EventCountry "ESP"]

1. e4 e6 2. d4 a6 3. Nf3 b5 4. Bd3 c5 5. c3 Bb7 6. O-O Nf6 7. Qe2 Nc6 8. d5 Ne7
9. d6 Ng6 10. e5 Bxf3 11. gxf3 Nd5 12. Be4 Ndf4 13. Bxf4 Nxf4 14. Qe3 Qg5+ 0-1

[Event "VII Campeonato de España de Ve"]
[Site "Sabadell (Spain)"]
[Date "2009.12.18"]
[Round "7"]
[White "Ridameya Tatche, Jose Miguel"]
[Black "Febrero Perez, Lluis"]
[Result "1-0"]
[WhiteElo "1998"]
[BlackElo "1599"]
[PlyCount "67"]
[EventDate "2009.12.12"]
[EventRounds "7"]
[EventCountry "ESP"]

1. e4 Nf6 2. Nc3 e5 3. Nf3 Nc6 4. d4 exd4 5. Nd5 Bc5 6. Bg5 Be7 7. Bf4 Nxd5 8.
exd5 Bb4+ 9. Bd2 Qe7+ 10. Qe2 Bxd2+ 11. Kxd2 Qxe2+ 12. Bxe2 Nb4 13. Bc4 O-O 14.
a3 Na6 15. Nxd4 b6 16. Rhe1 Bb7 17. Re7 Rad8 18. Rae1 Bc8 19. Kc3 Nc5 20. b4
Nb7 21. Nb5 c6 22. Nxa7 cxd5 23. Bxd5 Nd6 24. g4 Ba6 25. a4 Nc8 26. Nxc8 Bxc8
27. Kd4 d6 28. f3 Be6 29. Re3 Rc8 30. R7xe6 Rxc2 31. Re8 Rd2+ 32. Kc4 Rc2+ 33.
Kb5 Rd2 34. Bc6 1-0

[Event "VII Campeonato de España de Ve"]
[Site "Sabadell (Spain)"]
[Date "2009.12.18"]
[Round "7"]
[White "Demestres Lopez, Ricardo"]
[Black "Monedero Gonzalez, Josep"]
[Result "0-1"]
[WhiteElo "1782"]
[BlackElo "2111"]
[PlyCount "62"]
[EventDate "2009.12.12"]
[EventRounds "7"]
[EventCountry "ESP"]

1. e4 e6 2. d4 d5 3. exd5 exd5 4. Nf3 Bd6 5. c3 Nc6 6. Bg5 Nge7 7. Bh4 f6 8.
Bd3 Bf5 9. Bg3 Qd7 10. Bxd6 Qxd6 11. Be2 O-O-O 12. O-O g5 13. Nbd2 Ng6 14. Ne1
h5 15. g3 h4 16. g4 Bd7 17. Nd3 Nf4 18. Nxf4 Qxf4 19. f3 Rde8 20. Rf2 Nd8 21.
a4 Ne6 22. Kh1 Qe3 23. Qf1 Qxd2 24. Bb5 Qf4 25. Bxd7+ Kxd7 26. Qb5+ Kc8 27.
Qxd5 Qe3 28. Rff1 Nf4 29. Qf5+ Kb8 30. Qxf6 Qe2 31. Rg1 Qxf3+ 0-1

[Event "VII Campeonato de España de Ve"]
[Site "Sabadell (Spain)"]
[Date "2009.12.18"]
[Round "7"]
[White "Pujades Costa, Joan"]
[Black "Navines Monfa, Josep"]
[Result "0-1"]
[WhiteElo "1856"]
[BlackElo "1870"]
[PlyCount "68"]
[EventDate "2009.12.12"]
[EventRounds "7"]
[EventCountry "ESP"]

1. e4 e5 2. Nf3 Nc6 3. d4 exd4 4. Nxd4 Nxd4 5. Qxd4 d6 6. Nc3 Nf6 7. Bg5 Be7 8.
Bc4 O-O 9. O-O-O Be6 10. Bxe6 fxe6 11. e5 Ne8 12. Bxe7 Qxe7 13. f4 d5 14. g3 c5
15. Nxd5 exd5 16. Qxd5+ Kh8 17. Qc4 Nc7 18. Rd6 b6 19. Rhd1 Rad8 20. Kb1 Rfe8
21. b4 cxb4 22. Qxb4 Na6 23. Qa3 Nc5 24. Kc1 Rxd6 25. Rxd6 Rd8 26. Rxd8+ Qxd8
27. Qxa7 h6 28. Qf7 Ne4 29. Qc4 Qd2+ 30. Kb2 Nc5 31. a3 Qe3 32. Qb5 Qd4+ 33.
Kc1 Ne4 34. Qb2 Qg1# 0-1

[Event "VII Campeonato de España de Ve"]
[Site "Sabadell (Spain)"]
[Date "2009.12.18"]
[Round "7"]
[White "Sogues Tena, Pilar"]
[Black "Gonzalo Gonzalez, Francisco"]
[Result "0-1"]
[WhiteElo "1553"]
[BlackElo "1781"]
[PlyCount "160"]
[EventDate "2009.12.12"]
[EventRounds "7"]
[EventCountry "ESP"]

1. e4 c5 2. Nf3 Nc6 3. d4 cxd4 4. Nxd4 d6 5. Nc3 g6 6. Bb5 Bd7 7. Be3 Bg7 8.
Nxc6 bxc6 9. Ba4 Nf6 10. O-O O-O 11. Qd2 Ng4 12. Bf4 Rb8 13. h3 Nf6 14. Bb3 Rb4
15. f3 Nh5 16. Be3 Rb7 17. Bh6 Qb6+ 18. Kh2 Qa5 19. Bxg7 Kxg7 20. Rad1 Qc7 21.
Qd4+ Kg8 22. g3 d5 23. f4 e6 24. exd5 exd5 25. Rde1 Ng7 26. Qe5 Qc8 27. g4 Re8
28. Qg5 Rxe1 29. Rxe1 Qb8 30. Qe5 Qd8 31. g5 Qb6 32. Kg2 Nf5 33. Na4 Qa5 34.
Qc3 Qd8 35. Nc5 Rb8 36. Qe5 Rc8 37. c3 Be8 38. Bc2 Ng7 39. Qe7 Qb6 40. b4 Nh5
41. Qe5 a5 42. a3 Ra8 43. f5 axb4 44. axb4 Qb8 45. fxg6 Nf4+ 46. Kg3 Nh5+ 47.
Kg4 hxg6 48. Qxb8 Rxb8 49. Re7 Rd8 50. Nb7 Ra8 51. Nd6 Kf8 52. Rc7 Ra2 53. Bb3
Rg2+ 54. Kf3 Rg3+ 55. Kf2 Rxc3 56. Bd1 Ng7 57. Rc8 Ke7 58. Nxe8 Nxe8 59. b5 Nd6
60. Rxc6 Rxc6 61. bxc6 Ne4+ 62. Ke3 Nxg5 63. h4 Ne6 64. Bf3 Kd6 65. h5 gxh5 66.
Bxh5 f6 67. Bg4 Nd8 68. c7 Kxc7 69. Kd4 Kd6 70. Bd1 Ne6+ 71. Ke3 Ke5 72. Bb3
d4+ 73. Kd2 Nc5 74. Bd1 f5 75. Ke2 Ke4 76. Bc2+ d3+ 77. Bxd3+ Nxd3 78. Kd2 f4
79. Ke2 f3+ 80. Kf1 Ke3 0-1